| 000 | 00492nam a2200193Ia 4500 | ||
|---|---|---|---|
| 008 | 101110s9999 xx 000 0 und d | ||
| 041 | _aENGLISH | ||
| 082 | _bSR23228 | ||
| 100 | _aBalagurusamy E. | ||
| 245 | _aProgramming with JAVA Second Edition | ||
| 365 | _b170 | ||
| 520 | _aComputer | ||
| 546 | _aENGLISH | ||
| 630 | _aProgramming with JAVA Second Edition | ||
| 650 | _aComputer | ||
| 655 | _aComputer | ||
| 730 | _aProgramming with JAVA Second Edition | ||
| 942 | _cBOOK | ||
| 999 |
_c815937 _d815934 |
||